000 00310nam a2200133Ia 4500
005 20251222152716.0
008 251222s9999||||xx |||||||||||||| ||spa||
020 _a97819932507713
082 _a220.561/R47
100 _aDe Reina, Casiodoro
245 0 _aSanta Biblia
264 _bReina Valera
942 _cLIB
999 _c29415
_d29415